The Relationship of multimedia use and the reading habits of young people /
Saved in:
| Main Author: | |
|---|---|
| Format: | Thesis |
| Language: | English |
| Published: |
Petaling Jaya :
International Islamic University Malaysia,
1997
|
| Subjects: | |
| Tags: |
Add Tag
No Tags, Be the first to tag this record!
|
| LEADER | 011760000a22003010004500 | ||
|---|---|---|---|
| 001 | 155322 | ||
| 005 | 20070618234100.0 | ||
| 008 | 971107s1997 eng | ||
| 035 | |a 512430 | ||
| 035 | |a (Sirsi) 155322 | ||
| 040 | |a UIAM |b eng | ||
| 043 | |a a-si--- | ||
| 049 | |b m | ||
| 050 | |a Z1003.5S5 | ||
| 100 | 0 | |a Kheftiah bte Moorin | |
| 245 | 1 | 4 | |a The Relationship of multimedia use and the reading habits of young people / |c Kheftiah bte Moorin |
| 260 | 1 | |a Petaling Jaya : |b International Islamic University Malaysia, |c 1997 | |
| 300 | |a xii, 86 p. :ill. ; |c 30 cm. | ||
| 500 | |a Includes bibliographical references | ||
| 502 | |a (MLIS)--International Islamic University Malaysia, 1997. | ||
| 596 | |a 1 | ||
| 650 | 0 | |a Reading interests |z Singapore | |
| 650 | 0 | |a Youth |x Books and reading |z Singapore | |
| 650 | 0 | |a Multimedia systems | |
| 900 | |a fiz-sa-naw | ||
| 999 | |c 431192 |d 462683 | ||
| 952 | |0 0 |6 T Z1003.5S5K45R 1997 |7 0 |8 THESES |9 750887 |a IIUM |b IIUM |c MULTIMEDIA |g 0.00 |o t Z1003.5S5K45R 1997 |p 00000525427 |r 2017-10-25 |t 2 |v 0.00 |y THESIS | ||
| 952 | |0 0 |6 T Z1003.5S5K45R 1997 |7 0 |9 798466 |a IIUM |b IIUM |g 0.00 |o t Z1003.5S5K45R 1997 |p 00010981406 |r 2017-10-20 |t 1 |v 0.00 |y BOOKSTRICT | ||
